000 00420nam a2200157 i 4500
001 96454
003 ES-MaACL
005 20230906181921.0
007 t|
008 050627s1917 fr ||||1| fre d
100 1 _aMalherbe, Henry.
_975770
245 1 3 _aLa flamme au poing /
_cHenry Malherbe.(Henry Croisilles).
260 _aParis :
_bAlbin Michel,
_c1917.
300 _a224 p. ;
_c19 cm.
852 4 _aES-MaACL
_jG-3471
999 _c96454
_d96454